000 00687nam a2200253 a 4500
001 vtls001204608
003 NLI
005 20210603164655.0
008 120328s1882 enk 001 0 eng d
039 9 _y201203281914
_zVLOAD
040 _a NLI
_b eng
_c Entertech IMP - 2012
_e AACR2
041 0 _aeng
044 _aenk
084 _a162.A.221
100 1 _aMusannif, I.
_9648127
245 1 4 _aThe romantic land of Hind /
_cby I. Musannif
260 _aLondon :
_bW. H. Allen,
_c1882
300 _axii, 279 p. ;
_c19 cm.
887 _a
901 _aIMP114356 :
_b31.12.2010
902 _a162.A.221
942 _2ddc
_cBKS
949 _AVIRTUAITEM
_D10000
_X100
_6IMP000114356ENG
999 _c511908
_d511908